000 00449cam a2200181ua 4500
020 _c5.00
041 _ahin
_h
082 _a891.54
_bPAR/RA
100 _aParamlal gupta, .
245 _aRamcharitamanas our saket /
_cParam lal gupta.
_hTextual Documents
250 _a1 /
_b.
260 _aNew Delhi :
_bNational Publishing House ,
_c1961.
300 _a205 ; .
365 _a5.00
504 _a
942 _cBK
999 _c4073
_d4073